000 00631cam a2200217u 4500
001 35256
003 BD-RjUL
005 20211209052304.0
008 140522s1962 enka 000 0 eng
035 _a(BD-RjUL)35350
040 _aDLC
_cCarP
_dDLC
_bBD-RjUL
082 _a300
_bNEW 1962
100 1 _aVarma, Baidya Nath,
_d1921- [from old catalog]
_9107424
245 1 2 _aA new survey of the social sciences /
260 _aLondon :
_bAsia Pub. House ;
_c c1962
300 _axiv, 248 p. :
_bdiagrs., tables. ;
_c23 cm.
650 0 _aSocial sciences.
_9107425
942 _2ddc
_cBK
999 _c35256
_d35256